[Event "It"]
[Site "Podgorica MNE"]
[Date "2007.12.09"]
[Round "1"]
[White "Podlesnik,B"]
[Black "Mijovic,S"]
[Result "0-1"]
[WhiteElo "2401"]
[BlackElo "2228"]

1.e4 c5 2.Nc3 Nc6 3.Nf3 d6 4.d4 cxd4 5.Nxd4 e6 6.Be3 Nf6 7.f4 Be7 8.Qf3 O-O
9.O-O-O Qc7 10.Rg1 Nxd4 11.Bxd4 e5 12.fxe5 dxe5 13.Qg3 Rd8 14.Be2 Rxd4 15.Rxd4 Bc5
16.Rc4 Be6 17.Rf1 Bxc4 18.Bxc4 Bd4 19.Bb3 Qb6 20.Nd5 Nxd5 21.exd5 Qd6 22.Qf3 Rf8
23.c3 Bb6 24.g4 Bd8 25.Kb1 Bg5 26.Bc2 Bf4 27.Qd3 g6 28.Qb5 Rb8 29.h4 a6 30.Qd3 b5
31.a3 a5 32.h5 b4 33.cxb4 axb4 34.a4 b3 35.Bxb3 Rb4 36.Ka2 e4 37.Qc2 e3 38.Bc4 Bh6
39.b3 Rb7 40.Re1 Qg3 41.Qe2 Qe5 42.hxg6 hxg6 43.Qb2 Qg3 44.Rh1 Bg7 45.Qe2 Qe5
46.Qh2 Qc3 47.Rb1 Rb6 48.g5 Be5 49.Qe2 Rb4 50.Qd3 Rxb3 51.Qxc3 Rxc3 52.Bb5 Rc5
53.Rd1 e2 54.Re1 Rxd5 55.Rxe2 Bf4 56.Kb3 Rxg5 57.Kc4 Re5 58.Ra2 Be3 59.a5 Ba7
60.Rd2 Rc5+ 61.Kb4 Rc7 62.Bc4 Kg7 63.Kb5 f5 64.Bd5 g5 65.Be6 Kf6 66.Bd7 Ke5
67.Bc6 g4 68.Rd5+ Ke6 69.a6 g3 70.Rd8 Rxc6 71.Kxc6 g2 72.Re8+ Kf7  0-1

[Event "Parsvnath ch-Commonwealth"]
[Site "New Delhi IND"]
[Date "2007.12.10"]
[Round "10"]
[White "Tiwari,Ar"]
[Black "Gahan,M"]
[Result "1-0"]
[WhiteElo "2240"]
[BlackElo "2005"]

1.e4 c5 2.Nc3 Nc6 3.Bb5 Nd4 4.Bc4 e6 5.Nf3 g6 6.Nxd4 cxd4 7.Nb5 Qb6 8.c3 Qc6
9.Qe2 dxc3 10.d4 cxb2 11.Bxb2 Bb4+ 12.Kf1 Qb6 13.d5 f6 14.e5 f5 15.d6 Kf8
16.Rb1 Bc5 17.Qc2 Qc6 18.Nc7 Rb8 19.Bb5 Qe4 20.Bd3 Qc6 21.f3 Bb6 22.Qd2 Bxc7
23.dxc7 Ra8 24.Ba3+ Kg7 25.Bd6 h6 26.Ke2 Qd5 27.Rb5 Qd4 28.Rb4 Qd5 29.Rc1 b6
30.Qb2 Kf7 31.Rd4 Qb7 32.Qa3 a6 33.Qb4 Qa7 34.a4 Ke8 35.Rb1 b5 36.axb5 axb5
37.Bxb5 Qa2+ 38.Rd2 Qa5 39.Qc5 Qa7 40.Qc4 Kf7 41.Qh4 Ba6 42.Qd8 Bxb5+ 43.Rxb5 g5
44.Qxd7+  1-0

[Event "Warsaw-Buenos Aires-Kolkata Match"]
[Site "Warsaw POL"]
[Date "2007.12.12"]
[Round "2"]
[White "Roy Chowdhury,S"]
[Black "Brzeski,M"]
[Result "1-0"]
[WhiteElo "2418"]
[BlackElo "2307"]

1.e4 c5 2.Nf3 Nc6 3.Nc3 g6 4.Bb5 Nd4 5.Bc4 Bg7 6.d3 e6 7.O-O Ne7 8.Bb3 h6
9.Nxd4 cxd4 10.Ne2 d5 11.f4 dxe4 12.dxe4 O-O 13.Kh1 b6 14.Ng3 Ba6 15.Rf3 Kh7
16.Bd2 Bb7 17.Qe1 Qd7 18.Rd3 e5 19.Rd1 f5 20.Bb4 fxe4 21.Nxe4 Rxf4 22.Nd6 Bc6
23.Rg3 a5 24.Ba3 b5 25.c3 b4 26.cxb4 Qxd6 27.b5 Bxg2+ 28.Rxg2 Qf6 29.Bxe7 Qxe7
30.Bd5 Raf8 31.Be4 R8f6 32.Qe2 Qf7 33.Rdg1 Rf2 34.Bxg6+ Rxg6 35.Qxf2 Qd5
36.Qf5  1-0

[Event "XVII Magistral"]
[Site "Elgoibar ESP"]
[Date "2007.12.13"]
[Round "5"]
[White "Vega Gutierrez,S"]
[Black "Miton,K"]
[Result "0-1"]
[WhiteElo "2331"]
[BlackElo "2628"]

1.e4 c5 2.Nc3 Nc6 3.Nge2 Nf6 4.d4 cxd4 5.Nxd4 d6 6.Be2 g6 7.O-O Bg7 8.Nb3 O-O
9.Re1 b6 10.Bf1 Bb7 11.Bg5 h6 12.Bh4 Nd7 13.Qd2 Rc8 14.f4 Na5 15.Nd5 Re8
16.c3 Nc4 17.Bxc4 Rxc4 18.Rad1 Bxd5 19.exd5 Nf6 20.Bf2 Qd7 21.Bd4 b5 22.a3 a6
23.Na5 Rcc8 24.b3 Qf5 25.c4 Kh7 26.h3 h5 27.Qf2 bxc4 28.bxc4 Rb8 29.Ba7 Rbc8
30.Bd4 Rc7 31.Bb6 Rd7 32.Nc6 Rb7 33.Na5 Ne4 34.Qe3 Rxb6 35.Qxb6 Nc3 36.Rd2 Qxf4
37.Qf2 Qg5 38.Rd3 f5 39.Nc6 Ne4 40.Qf3 Qh4 41.Re2 e5 42.dxe6 Rxe6 43.Nd4 Re5
44.Nb3 Ng5 45.Qf2 Qxc4 46.Rxe5 Bxe5 47.Qd2 Ne4 48.Qd1 a5 49.Qe2 a4 50.Nd2 Qc5+
51.Kh1 Nf2+  0-1

[Event "Warsaw-Buenos Aires-Kolkata Match"]
[Site "Warsaw POL"]
[Date "2007.12.13"]
[Round "3"]
[White "Barua,D"]
[Black "Felgaer,R"]
[Result "1/2-1/2"]
[WhiteElo "2491"]
[BlackElo "2539"]

1.e4 c5 2.Nf3 Nc6 3.Nc3 g6 4.d4 cxd4 5.Nxd4 Bg7 6.Nb3 d6 7.Be2 Nf6 8.O-O O-O
9.Re1 a6 10.Bf1 b5 11.Nd5 Nd7 12.c3 e6 13.Ne3 Nb6 14.Nc2 Bb7 15.Ncd4 Rc8
16.Nxc6 Bxc6 17.Bf4 e5 18.Bg3 Nc4 19.Qc2 f5 20.exf5 gxf5 21.f4 Be4 22.Qf2 Qc7
23.a4 Rf7 24.axb5 axb5 25.Nd2 Nxd2 26.Qxd2 Bh6 27.Rad1 d5 28.Ra1 Bxf4 29.Bxf4 exf4
30.Bd3 Kh8 31.Rf1 Qc5+ 32.Kh1 Rg8 33.Bxe4 fxe4 34.Rad1 e3 35.Qe2 Qc4 36.Qxc4 bxc4
37.Rde1 Rb8 38.g3 Rxb2 39.gxf4 Rf2 40.Rg1 Re7 41.Rg5 e2 42.Kg1 Rxf4 43.Kg2 Rf6
44.Rg3 Rg6 45.Kf3 Rxg3+ 46.Kxg3 Kg7 47.Kf3 Kf6 48.Rxe2 Rxe2 49.Kxe2 Ke5 50.Ke3 h6
51.h3 h5 52.h4 Ke6 53.Ke2 Kd7 54.Kd2 Kc6 55.Ke3 Kc5 56.Kd2 Kb5 57.Kc2 Ka5
58.Kb2 Ka4 59.Ka2 Kb5 60.Kb2 Kc6 61.Kc2 Kd7 62.Kd1 Ke7 63.Ke1 Kf7 64.Kf2 Kg7
65.Ke2 Kg6 66.Kf2 Kg7 67.Ke2 Kf7 68.Kf2 Ke8 69.Ke1 Kd7 70.Ke2 Ke6 71.Kf2 Kd6
72.Ke2 Kc6 73.Kd2 Kb6 74.Kc2 Ka5 75.Kc1 Ka4 76.Kb2 Kb5 77.Kc1 Kc5 78.Kd2 d4
79.cxd4+ Kxd4 80.Kc2 Ke4 81.Kc3 Kf4 82.Kxc4 Kg4 83.Kd3 Kxh4 84.Ke2 Kg3 85.Kf1  1/2-1/2

[Event "It"]
[Site "Podgorica MNE"]
[Date "2007.12.14"]
[Round "6"]
[White "Kalezic,B"]
[Black "Bogosavljevic,B"]
[Result "1/2-1/2"]
[WhiteElo "2392"]
[BlackElo "2491"]

1.e4 c5 2.Nf3 Nc6 3.Nc3 d6 4.d4 cxd4 5.Nxd4 Nf6 6.f3 e5 7.Nb3 Be7 8.Be3 O-O
9.Qd2 a5 10.Bb5 Na7 11.Be2 Nc6 12.a3 a4 13.Nc1 Be6 14.N1a2 d5 15.exd5 Bxd5
16.O-O Be6 17.Rfd1 Nd4 18.Nb5 Nd5 19.Bxd4 Bg5 20.Qe1 exd4 21.Kh1 Ne3 22.Rxd4 Qc8
23.Nb4 Nxc2 24.Nxc2 Qxc2 25.Bd3 Qc5 26.Re4 Rad8 27.Bf1 Bb3 28.Re5 Rd5 29.Re8 Rd8
30.Re5 Rd5 31.Re8 Rd2 32.Re5 Rd5  1/2-1/2

[Event "XX Carlos Torre Magistral"]
[Site "Merida MEX"]
[Date "2007.12.15"]
[Round "1"]
[White "Hernandez Guerrero,G"]
[Black "Soto,F"]
[Result "1-0"]
[WhiteElo "2536"]
[BlackElo "2087"]

1.e4 c5 2.Nc3 Nc6 3.Bb5 d6 4.Bxc6+ bxc6 5.f4 Nf6 6.Nf3 g6 7.O-O Bg7 8.d3 O-O
9.Qe1 Rb8 10.b3 e6 11.e5 Ne8 12.Be3 f5 13.Na4 d5 14.Bxc5 Rf7 15.Qe3 a6 16.c4 h6
17.Rac1 Bb7 18.Nd4 Nc7 19.Bd6 Qe8 20.Nc5 Bc8 21.Rc2 Bf8 22.Rfc1 dxc4 23.dxc4 Ra8
24.Rd1 a5 25.Rcd2 Na6 26.Bxf8 Rxf8 27.Nf3 Qe7 28.Nxa6 Rxa6 29.Rd6 Qc7 30.Qc5 Re8
31.Nd4  1-0

[Event "ch-Marshall CC"]
[Site "New York USA"]
[Date "2007.12.15"]
[Round "7"]
[White "Hess,Ro"]
[Black "Braylovsky,G"]
[Result "1-0"]
[WhiteElo "2445"]
[BlackElo "2336"]

1.e4 c5 2.Nc3 Nc6 3.Bb5 d6 4.Nf3 Bd7 5.O-O a6 6.Bxc6 Bxc6 7.d4 cxd4 8.Nxd4 Rc8
9.a4 Nf6 10.Re1 e6 11.Nxc6 Rxc6 12.Nd5 Nd7 13.b3 Rc8 14.Ne3 Be7 15.Nc4 Nb6
16.Nxb6 Qxb6 17.Bb2 Bf6 18.Bxf6 gxf6 19.Re3 Ke7 20.c4 Rhg8 21.Qd2 Rg5 22.Rd1 Rc6
23.Rd3 a5 24.Kh1 Qc5 25.f4 Rg8 26.Qe2 Rb6 27.Rh3 Rc8 28.Qf3 f5 29.Rh5 Qc6
30.Rxh7 Qxe4 31.Qf2 Rxb3 32.Qh4+ Kd7 33.Rxf7+ Kc6 34.Qe7 Kb6 35.Qd7 Qc6 36.Qxe6 Qxc4
37.Qxd6+ Ka7 38.Rxf5 Qxa4 39.h4 Rh3+ 40.Kg1 Rxh4 41.Rb1 Rh6 42.Qd5 Rh7 43.Qxa5+ Qxa5
44.Rxa5+ Kb8 45.Rg5 Rch8 46.Kf2 Rc8 47.Rb3 Rc2+ 48.Kg3 Kc7 49.Rf3 Kd6 50.Rd3+ Kc6
51.Rg8 Kb5 52.f5 Rf7 53.Kf4 Kc4 54.Rf3 Rd2 55.g4 Rd5 56.Kg5 b5 57.Kg6 Rb7
58.f6 Rd6 59.Kh5 Rdd7 60.g5 b4 61.g6 b3 62.g7 b2 63.Rc8+ Kb4 64.g8=Q Rb5+
65.Kh6 b1=Q 66.Qc4+ Ka5 67.Ra3+ Kb6 68.Qc6+  1-0

[Event "7th Amplico AIG Life"]
[Site "Warsaw POL"]
[Date "2007.12.15"]
[Round "6"]
[White "Roy Chowdhury,S"]
[Black "Narmontas,T"]
[Result "1-0"]
[WhiteElo "2418"]
[BlackElo "2255"]

1.e4 c5 2.Nf3 Nc6 3.Nc3 g6 4.Bb5 Bg7 5.O-O Nf6 6.d3 a6 7.Bxc6 dxc6 8.h3 Nd7
9.Be3 e5 10.Qd2 O-O 11.a3 b6 12.Nh2 a5 13.Bh6 Nf6 14.Bxg7 Kxg7 15.Ne2 c4
16.Qc3 cxd3 17.cxd3 Ba6 18.Rad1 Qc7 19.Ng3 Rad8 20.f4 Rfe8 21.f5 Qd6 22.fxg6 hxg6
23.Rf2 Qc5 24.Qe1 Bxd3 25.Rc1 Qd6 26.Qe3 Qd4 27.Qg5 Nh7 28.Qg4 Kh8 29.Re1 Rd6
30.Nf3 Qc5 31.Qh4 Kg7 32.Kh2 Ba6 33.Nf1 Rf6 34.Ne3 Rf4 35.Qg3 Bc8 36.Rc2 Qd6
37.Nc4 Qf6 38.Nxb6 Rd8 39.Nxc8 Rxc8 40.Rc5 Re8 41.Rxa5 g5 42.Rc5 Re6 43.Kg1 Qd8
44.Rcc1 Qe7 45.Nh2 Rd6 46.Ng4 Rd2 47.Qc3 Qa7+ 48.Kh1 Qd4 49.Nxe5 Qxc3 50.Rxc3 Rff2
51.Nc4 Rd4 52.Kg1 Rf4 53.a4 f5 54.a5 fxe4 55.a6 Rf7 56.Ne5 Rc7 57.Ra1 Rd8
58.Rxc6 Re7 59.Rc5 Ra8 60.b4 Nf6 61.b5 e3 62.Nf3 Ne4 63.Re5 Rxe5 64.Nxe5 Nd6
65.b6 Kf6 66.Ng4+ Ke6 67.Nxe3 Kd7 68.b7 Nxb7 69.Rd1+ Nd6 70.Nf5 Rxa6 71.Kh2 Ke6
72.Nxd6 Rxd6 73.Rxd6+ Kxd6 74.Kg3 Ke5 75.Kg4 Kf6 76.Kh5 Kf5 77.g4+ Kf4 78.Kg6  1-0

[Event "7th Amplico AIG Life"]
[Site "Warsaw POL"]
[Date "2007.12.15"]
[Round "7"]
[White "Gdanski,J"]
[Black "Daskevics,Va"]
[Result "0-1"]
[WhiteElo "2504"]
[BlackElo "2331"]

1.e4 c5 2.Nf3 Nc6 3.Nc3 d6 4.d4 cxd4 5.Nxd4 Nf6 6.Bc4 e6 7.Be3 a6 8.Bb3 Be7
9.f4 Qc7 10.Qf3 O-O 11.O-O-O Nxd4 12.Bxd4 b5 13.e5 Bb7 14.exf6 Bxf3 15.fxe7 Qxe7
16.gxf3 Qh4 17.Be3 d5 18.Rhg1 a5 19.a4 bxa4 20.Nxa4 Rab8 21.Kb1 Rfc8 22.Bd4 g6
23.Nb6 Rd8 24.f5 Rd6 25.Na4 Rc6 26.fxe6 fxe6 27.Be5 Rb4 28.f4 Qf2 29.Rgf1 Qg2
30.f5 Rxb3 31.cxb3 Qe4+ 32.Ka2 Qxe5 33.Rde1 Qd6 34.fxe6 Rc7 35.Rf6 Re7 36.Nc3 Kg7  0-1

[Event "7th Amplico AIG Life"]
[Site "Warsaw POL"]
[Date "2007.12.15"]
[Round "8"]
[White "Bindrich,F"]
[Black "Nikolajev,D"]
[Result "1-0"]
[WhiteElo "2512"]
[BlackElo "2329"]

1.e4 c5 2.Nf3 Nc6 3.Nc3 e5 4.Bc4 d6 5.d3 Be7 6.Nd2 Nf6 7.Nf1 O-O 8.Ne3 Na5
9.O-O Nxc4 10.dxc4 Be6 11.Qd3 a6 12.b3 Ng4 13.Nf5 g6 14.Nxe7+ Qxe7 15.f3 Nf6
16.Bg5 Kg7 17.f4 Qc7 18.f5 Nh5 19.fxe6 fxe6 20.Qd2 Kg8 21.Bh6 Rfd8 22.a4 Rd7
23.a5 Rad8 24.Rf3 Rf7 25.Rxf7 Qxf7 26.Rf1 Qc7 27.Na4 Nf4 28.Bxf4 exf4 29.Qxf4 Qe7
30.Nb6  1-0

[Event "XX Carlos Torre Magistral"]
[Site "Merida MEX"]
[Date "2007.12.16"]
[Round "2"]
[White "Santos Cabanas,C"]
[Black "Perez Rodriguez,L"]
[Result "0-1"]
[WhiteElo "1965"]
[BlackElo "2432"]

1.e4 c5 2.Ne2 Nc6 3.Nbc3 d6 4.g3 Bg4 5.Bg2 Nd4 6.d3 Nf3+ 7.Bxf3 Bxf3 8.Rg1 Nf6
9.Bf4 h6 10.h3 g5 11.Be3 g4 12.h4 Rb8 13.a4 e5 14.Qc1 b6 15.Qd2 Bg7 16.Rb1 d5
17.exd5 Nxd5 18.Nxd5 Qxd5 19.Nc3 Qc6 20.b4 O-O 21.b5 Qg6 22.Ne2 Rbd8 23.Qc1 Rd7
24.Rb3 Rfd8 25.a5 c4 26.dxc4 Qe4 27.c5 Bxe2  0-1

[Event "7th Amplico AIG Life 13th-16th"]
[Site "Warsaw POL"]
[Date "2007.12.16"]
[Round "1"]
[White "Mista,A"]
[Black "Moiseenko,A1"]
[Result "1/2-1/2"]
[WhiteElo "2543"]
[BlackElo "2646"]

1.e4 c5 2.Nf3 Nc6 3.Nc3 d6 4.d4 cxd4 5.Nxd4 e5 6.Ndb5 Nf6 7.Bg5 a6 8.Na3 b5
9.Bxf6 gxf6 10.Nd5 f5 11.c3 Bg7 12.exf5 Bxf5 13.Nc2 O-O 14.Nce3 Bg6 15.h4 h6
16.Qg4 e4 17.Be2 b4 18.O-O bxc3 19.bxc3 Kh8 20.Nf5 Bxf5 21.Qxf5 Qxh4 22.Rad1 Be5
23.f4 exf3 24.Rxf3 Qh2+ 25.Kf2 Rg8 26.Qh3 Qxh3 27.Rxh3 Kg7 28.Rdh1 Rh8 29.Ne3 Ne7
30.Ng4 Bf4 31.Rf3 Ng6 32.g3 Bg5 33.Rd1 Rhd8 34.Rfd3 f5 35.Nh2 f4 36.gxf4 Bxf4
37.Nf3 Rab8 38.Nd4 Re8 39.Nf5+ Kh7 40.Nxd6 Rf8 41.Ne4 Ne5 42.Rd5 Rb2 43.Ke1 Rxa2
44.Rd8 Rf7 45.Bd3 Kg7 46.Be2 Re7 47.R8d4 a5 48.Kf1 Be3 49.Rd5 a4 50.Nd6 Kf6
51.Ne4+ Kg6 52.Rd6+ Kg7 53.Ng3 Rf7+ 54.Kg2 Rf2+ 55.Kh3 Raxe2 56.Nxe2 Rxe2
57.Re6 Bf4 58.Rd7+ Kf8 59.Rf6+ Ke8 60.Rxf4 Nxd7 61.Rxa4 Nf6 62.Rc4 Kf7 63.Rc8 Kg6
64.c4 Re3+ 65.Kh4 h5 66.c5 Re4+ 67.Kh3 Kg5 68.c6 Re3+ 69.Kg2 Rc3 70.c7 h4
71.Kh2 Ng4+ 72.Kg1 Rc1+ 73.Kg2 Rc2+ 74.Kg1 Nf6 75.Kh1 h3 76.Kg1 Rc3 77.Kh1 Rc2
78.Kg1 Rc6 79.Kh1 Rc3 80.Kg1 Kg6 81.Rh8 Rxc7 82.Rxh3 Kg5 83.Kf2 Ne4+ 84.Ke2 Rc2+
85.Kd1 Rg2 86.Rh8 Kf4 87.Rf8+ Ke3 88.Re8 Ra2 89.Kc1 Kd4 90.Rd8+ Kc4 91.Rc8+ Nc5
92.Kd1 Rh2 93.Ke1 Kd4 94.Rd8+ Ke3 95.Re8+ Ne4 96.Kd1 Rf2 97.Kc1 Kd4 98.Rd8+ Kc4
99.Rc8+ Nc5 100.Kd1 Ra2 101.Ke1 Rc2 102.Kd1 Rh2 103.Ke1 Kd4 104.Rd8+ Ke3
105.Re8+ Ne4 106.Kd1 Rg2 107.Kc1 Re2 108.Kd1 Rd2+ 109.Kc1 Rd4 110.Kc2 Ke2
111.Re7 Rb4 112.Re8 Ke3 113.Kc1 Rb7 114.Kc2 Rb6 115.Kc1 Kd3 116.Rd8+ Nd6
117.Rd7 Ra6 118.Rd8 Kc3 119.Kd1 Nf5 120.Rc8+ Kd3 121.Rd8+ Nd4 122.Ke1 Ra2
123.Kf1 Ke3 124.Re8+ Kd3 125.Rd8 Ra7 126.Ke1 Rf7 127.Rd5 Rf4 128.Rd8 Rf6
129.Rd7  1/2-1/2

[Event "7th Amplico AIG Life"]
[Site "Warsaw POL"]
[Date "2007.12.16"]
[Round "9"]
[White "Zawadzki,S"]
[Black "Felgaer,R"]
[Result "1-0"]
[WhiteElo "2415"]
[BlackElo "2539"]

1.e4 c5 2.Nf3 Nc6 3.Nc3 g6 4.d4 cxd4 5.Nxd4 Bg7 6.Be3 Nf6 7.Bc4 O-O 8.Bb3 d6
9.f3 Bd7 10.Qd2 Nxd4 11.Bxd4 b5 12.O-O a5 13.a4 b4 14.Nd5 Nxd5 15.exd5 Bxd4+
16.Qxd4 Re8 17.Rfe1 e5 18.dxe6 Bxe6 19.Bxe6 fxe6 20.Rad1 d5 21.Re2 Rc8 22.b3 Qd6
23.Kh1 Qc5 24.Qd3 Qb6 25.Rde1 Rc3 26.Qd2 Qc6 27.h3 Qd6 28.Qg5 Rc6 29.Qg4 Qe7
30.Re5 Qd6 31.f4 Kg7 32.R1e2 Qd7 33.f5 exf5 34.Qd4 Rxe5 35.Rxe5 Kh6 36.Qh4+ Kg7
37.Qd4  1-0

[Event "7th Amplico AIG Life"]
[Site "Warsaw POL"]
[Date "2007.12.16"]
[Round "11"]
[White "Zawadzki,S"]
[Black "Vovk,Y"]
[Result "1-0"]
[WhiteElo "2415"]
[BlackElo "2561"]

1.e4 c5 2.Nf3 Nc6 3.Nc3 d6 4.d4 cxd4 5.Nxd4 Nf6 6.Bg5 e6 7.Qd2 a6 8.O-O-O h6
9.Nxc6 bxc6 10.Bf4 d5 11.Qe3 Qa5 12.Be2 Bb4 13.Be5 Bxc3 14.Bxc3 Qxa2 15.Bd3 Qa4
16.Qg3 Nxe4 17.Bxe4 Qxe4 18.Qxg7 Rh7 19.Qg3 Kd7 20.Kb1 c5 21.Rhe1 Qg6 22.Qe3 Kc6
23.b4 Bb7 24.Rxd5 Kc7 25.Qxc5+ Bc6 26.Be5+ Kb7 27.Rd7+  1-0

[Event "7th Amplico AIG Life"]
[Site "Warsaw POL"]
[Date "2007.12.16"]
[Round "12"]
[White "Bindrich,F"]
[Black "Brendel,O"]
[Result "1-0"]
[WhiteElo "2512"]
[BlackElo "2387"]

1.e4 c5 2.Nf3 Nc6 3.Nc3 g6 4.d4 cxd4 5.Nxd4 Bg7 6.Be3 Nf6 7.Bc4 O-O 8.Bb3 d6
9.f3 Bd7 10.Qd2 Nxd4 11.Bxd4 b5 12.a4 b4 13.Nd5 Nxd5 14.exd5 Bxd4 15.Qxd4 Qb6
16.Qd2 Rac8 17.h4 e5 18.h5 Qd4 19.Qxd4 exd4 20.hxg6 hxg6 21.Kd2 g5 22.Rh5 f6
23.Rah1 Bf5 24.Rh8+ Kg7 25.Rxf8 Rxf8 26.Bc4 Rh8 27.Re1 Kf7 28.Bd3 Bc8 29.Re4 Rh2
30.Rxd4 Rxg2+ 31.Ke3 a5 32.Rc4 Bd7 33.Rc7 Ke8 34.b3 f5 35.Ra7 f4+ 36.Ke4 Rg1
37.Rxa5 Re1+ 38.Kd4 g4 39.Ra8+ Ke7 40.fxg4 f3 41.g5 f2 42.g6 Bf5 43.Ra7+ Ke8
44.g7 Rg1 45.Bb5+ Kd8 46.Ra8+ Bc8 47.Ba6 Rg4+ 48.Ke3 f1=Q 49.Bxf1 Kc7 50.Rxc8+  1-0

[Event "ch-RSA"]
[Site "Milnerton RSA"]
[Date "2007.12.17"]
[Round "5"]
[White "Steel,H"]
[Black "Van den Heever,D"]
[Result "1/2-1/2"]
[WhiteElo "2241"]
[BlackElo "2202"]

1.e4 c5 2.Nc3 Nc6 3.Nf3 d6 4.d4 cxd4 5.Nxd4 Nf6 6.h3 e5 7.Nde2 Be7 8.g4 Be6
9.Bg2 h5 10.g5 Nd7 11.h4 Nb6 12.b3 Rc8 13.Be3 Nb4 14.a3 Na6 15.a4 Bg4 16.f3 Be6
17.a5 Nd7 18.Bxa7 f6 19.Be3 fxg5 20.hxg5 Bxg5 21.Qxd6 Rc6 22.Qd2 Bxe3 23.Qxe3 Nb4
24.Rc1 Qxa5 25.Kf2 O-O 26.Bh3 Nf6 27.Kg2 Bxh3+ 28.Rxh3 Rfc8 29.Kh1 Qc7 30.Rg1 Rf8
31.Qg5 Nxc2 32.Nd5 Qf7 33.Nec3 Nd4 34.Nxf6+ Qxf6 35.Qxh5 Rxc3 36.Rg6 Rc1+
37.Kg2 Rc2+ 38.Kh1 Rc1+ 39.Kg2 Rc2+ 40.Kh1 Rc1+  1/2-1/2

[Event "Open A"]
[Site "Zadar CRO"]
[Date "2007.12.17"]
[Round "2"]
[White "Ljubicic,F"]
[Black "Miladinovic,I"]
[Result "0-1"]
[WhiteElo "2480"]
[BlackElo "2603"]

1.e4 c5 2.Nf3 Nc6 3.Nc3 e6 4.Bb5 Qc7 5.O-O Bd6 6.h3 Nge7 7.Re1 Ng6 8.Bxc6 bxc6
9.d3 O-O 10.Be3 Be7 11.Na4 Qa5 12.b3 e5 13.c3 d5 14.c4 d4 15.Bc1 Bd6 16.Ba3 Nf4
17.Bc1 Ne6 18.Ng5 Nd8 19.f4 f6 20.fxe5 Bxe5 21.Nf3 Bd6 22.Rf1 Qc7 23.Rb1 Ne6
24.Rb2 Bd7 25.Re2 Rae8 26.Bd2 Bc8 27.Qc1 Nf4 28.Bxf4 Bxf4 29.Qa3 Bd6 30.Rfe1 a5
31.Qc1 Rf7 32.e5 fxe5 33.Ng5 Rf5 34.Ne4 Be7 35.Naxc5 Ref8 36.a3 Qb6 37.b4 axb4
38.axb4 Qxb4 39.Rb2 Qa3 40.Rb3 Qa5 41.Ra3 Qb6 42.Rb3 Qd8 43.Qd2 Rf4 44.Rb8 Qc7
45.Reb1 h5 46.Qe2 h4 47.Qh5 Bxc5 48.Nxc5 Qe7 49.Ne4 R4f5 50.Qg6 Qe6 51.Qxe6+ Bxe6
52.Rxf8+ Rxf8 53.Rb6 Bf5 54.Nc5 Rf6 55.Rb7 Rg6 56.Kf2 Rg3 57.Re7 Re3 58.Rc7 Bxd3
59.Nxd3 Rxd3  0-1

[Event "Open A"]
[Site "Zadar CRO"]
[Date "2007.12.17"]
[Round "3"]
[White "Zivkovic,Vj"]
[Black "Palac,M"]
[Result "1/2-1/2"]
[WhiteElo "2426"]
[BlackElo "2567"]

1.e4 c5 2.Nf3 Nc6 3.Nc3 Nf6 4.Bb5 Qc7 5.O-O Nd4 6.d3 a6 7.Ba4 Ng4 8.g3 Nxf3+
9.Qxf3 Ne5 10.Qe2 b5 11.Bb3 e6 12.Be3 Be7 13.f4 Nc6 14.a4 b4 15.Nb1 O-O 16.Nd2 Bb7
17.c3 bxc3 18.bxc3 Na5 19.Ba2 d5 20.f5 Kh8 21.fxe6 fxe6 22.Rxf8+ Rxf8 23.Rf1 Qc6
24.Bg5 Rxf1+ 25.Qxf1 Qe8 26.Bxe7 Qxe7 27.Qf4  1/2-1/2

[Event "XX Carlos Torre Magistral"]
[Site "Merida MEX"]
[Date "2007.12.18"]
[Round "6"]
[White "Martin del Campo,R"]
[Black "Capo Vidal,U"]
[Result "1/2-1/2"]
[WhiteElo "2435"]
[BlackElo "2356"]

1.e4 c5 2.Nc3 Nc6 3.Nf3 Nf6 4.Bb5 Qc7 5.O-O Nd4 6.Re1 Ng4 7.g3 Nxf3+ 8.Qxf3 Ne5
9.Qe3 e6 10.Bf1 Be7  1/2-1/2

[Event "3rd ch-BIH"]
[Site "Sarajevo BIH"]
[Date "2007.12.18"]
[Round "1"]
[White "Dumpor,A"]
[Black "Stojanovic,Da"]
[Result "1/2-1/2"]
[WhiteElo "2399"]
[BlackElo "2510"]

1.e4 c5 2.Nf3 Nc6 3.Nc3 Nf6 4.g3 d6 5.Bg2 g6 6.O-O Bg7 7.d3 O-O 8.h3 Rb8
9.Bg5 b5 10.a3 a5 11.Qd2 b4 12.axb4 axb4 13.Ne2 Bd7 14.Bh6 Qc8 15.Kh2 Bxh6
16.Qxh6 Bg4 17.Neg1 Bxf3 18.Nxf3 Ne5 19.Nxe5 dxe5 20.b3 Qc7 21.f4 Ne8 22.h4 Ng7
23.f5 Ra8 24.g4 Qd6 25.h5 Rxa1 26.Rxa1 Qf6 27.hxg6 hxg6  1/2-1/2

[Event "57th ch-RUS w"]
[Site "Moscow RUS"]
[Date "2007.12.20"]
[Round "3"]
[White "Girya,O"]
[Black "Korbut,E"]
[Result "0-1"]
[WhiteElo "2338"]
[BlackElo "2443"]

1.e4 c5 2.Nc3 Nc6 3.Bb5 Nd4 4.Bc4 e6 5.Nf3 Nf6 6.O-O a6 7.d3 b5 8.Bb3 Nxb3
9.axb3 Bb7 10.e5 Nd5 11.Nxd5 Bxd5 12.Be3 Be7 13.c4 Bb7 14.d4 bxc4 15.bxc4 cxd4
16.Qxd4 f6 17.Bf4 O-O 18.Rfd1 Bc6 19.Rd3 Rf7 20.exf6 gxf6 21.Bh6 Bf8 22.Qg4+ Kh8
23.Qh5 Qe7 24.Re3 Bxh6 25.Qxh6 Qd6 26.Qh5 Rg7 27.Qa5 Qf4 28.Qc3 a5 29.g3 Rg6
30.Nd4 Bb7 31.Nb5 Qh6 32.Nd6 Qxh2+ 33.Kf1 Qh1+ 34.Ke2 Qxa1 35.Nxb7 Rb8 36.Qb3 Qh1
37.Rf3 Rg5 38.Kd2 Re5  0-1

[Event "Open A"]
[Site "Zadar CRO"]
[Date "2007.12.20"]
[Round "7"]
[White "Brkic,A"]
[Black "Ljubicic,F"]
[Result "1-0"]
[WhiteElo "2577"]
[BlackElo "2480"]

1.e4 c5 2.Nf3 Nc6 3.Nc3 e5 4.Bc4 d6 5.d3 Be7 6.O-O h6 7.h3 Bg5 8.Nxg5 hxg5
9.Qf3 f6 10.Qg3 Kf8 11.Ne2 Nge7 12.Bxg5 fxg5 13.Qxg5 Ng8 14.f4 Qxg5 15.fxg5+ Ke8
16.Rf7 g6 17.Raf1 Nge7 18.Nc3 a6 19.R1f6 Bd7 20.Nd5 Nxd5 21.Bxd5 Ne7 22.Rg7 Rd8
23.Rxd6 Bc8 24.Rf6 Nxd5 25.exd5 Rxd5 26.Rfxg6 Rf8 27.h4 Bf5 28.Rb6 Rd7 29.Rxd7 Bxd7
30.Rxb7 Rf4 31.h5 Rh4 32.h6 Bf5 33.Rg7 e4 34.dxe4 Bxe4 35.c3 Kf8 36.Kf2 Rh2
37.Ke3 Bb1 38.g4 Rxb2 39.g6 Rh2 40.g5 Rh4 41.Rf7+ Ke8 42.Rf6 Rg4 43.g7 Bh7
44.g6 Rg3+ 45.Kf2  1-0

[Event "VI Memorial Pereyra"]
[Site "Mendoza ARG"]
[Date "2007.12.21"]
[Round "8"]
[White "Rodriguez Vila,A"]
[Black "Mavrich,L"]
[Result "1-0"]
[WhiteElo "2541"]
[BlackElo "2205"]

1.e4 c5 2.Nc3 Nc6 3.Nge2 d6 4.d4 cxd4 5.Nxd4 e6 6.Be3 Nf6 7.f3 a6 8.g4 Qc7
9.Qe2 b5 10.O-O-O Bb7 11.h4 O-O-O 12.Kb1 Nd7 13.a4 bxa4 14.Nxa4 Nc5 15.Nxc6 Qxc6
16.Nxc5 dxc5 17.Rxd8+ Kxd8 18.Qd2+ Qd6 19.Qa5+ Kc8 20.Be2 Be7 21.Qc3 Bf6
22.Qxc5+ Qxc5 23.Bxc5 Rd8 24.Be3 Rd7 25.c3 Be5 26.Kc2 f5 27.exf5 exf5 28.gxf5 Rf7
29.Bc4 Bxf3 30.Re1 Rc7 31.Bxa6+ Kb8  1-0

[Event "Abierto"]
[Site "Pamplona ESP"]
[Date "2007.12.24"]
[Round "4"]
[White "Recuero Guerra,D"]
[Black "San Segundo Carrillo,P"]
[Result "1/2-1/2"]
[WhiteElo "2407"]
[BlackElo "2536"]

1.e4 c5 2.Nf3 Nc6 3.Nc3 e5 4.Bc4 Be7 5.d3 d6 6.O-O Nf6 7.Ng5 O-O 8.f4 Bg4
9.Qe1 exf4 10.Bxf4 Nd4 11.Qd2 h6 12.Nf3 Nxf3+ 13.gxf3 Be6 14.Kh1 Kh7 15.Bxe6 fxe6
16.Qg2 Qe8 17.Rg1 Nh5 18.Bd2 g5 19.Raf1 Bf6 20.Ne2 Rg8 21.Qh3 Be5 22.c3 Qf7
23.Rg4 Raf8 24.d4 cxd4 25.cxd4 Nf4 26.Bxf4 Bxf4 27.Nxf4  1/2-1/2

[Event "16th Donau Open"]
[Site "Aschach Donau AUT"]
[Date "2007.12.26"]
[Round "1"]
[White "Manole,V"]
[Black "Wiesner,H"]
[Result "1-0"]
[WhiteElo "2380"]
[BlackElo "2062"]

1.e4 c5 2.Nc3 Nc6 3.Bb5 Na5 4.a4 a6 5.Be2 Nc6 6.f4 g6 7.Nf3 Bg7 8.O-O Rb8
9.Bc4 Na5 10.Ba2 b5 11.axb5 axb5 12.d3 Nh6 13.f5 c4 14.Bf4 d6 15.Qd2 Ng4
16.h3 Qb6+ 17.Kh1 h5 18.fxg6 fxg6 19.Nd5 Qd8 20.Bg5 Nf6 21.Nf4 Kf7 22.Nh4 Bb7
23.Nfxg6 Rg8 24.Nf4 Ke8 25.Ne6 Qd7 26.Nxg7+ Rxg7 27.Bxf6 exf6 28.Qxa5 Rg5
29.Rxf6 b4 30.Qxg5  1-0

[Event "Abierto"]
[Site "Pamplona ESP"]
[Date "2007.12.26"]
[Round "6"]
[White "Salgado Lopez,I"]
[Black "San Segundo Carrillo,P"]
[Result "1/2-1/2"]
[WhiteElo "2460"]
[BlackElo "2536"]

1.e4 c5 2.Nf3 Nc6 3.Nc3 Nf6 4.Bb5 Qc7 5.O-O Nd4 6.Re1 a6 7.Bf1 e5 8.Nd5 Nxd5
9.exd5 Nxf3+ 10.Qxf3 Bd6 11.d4 cxd4 12.Qg3 Kf8 13.f4 f6 14.fxe5 Bxe5 15.Rxe5 fxe5
16.d6 Qxd6 17.Bc4 Qc5 18.Bb3 Ke8 19.Qxg7 Rf8 20.Bg5 d3+ 21.Kh1 dxc2 22.Re1 c1=Q
23.Bxc1 Qe7 24.Qh6 Rf5 25.Bc2 Rf7 26.Qh5 d6 27.Bg5 Qe6 28.Bb3 Qg6 29.Bxf7+ Qxf7
30.Qd1 Qg6 31.Rxe5+ dxe5 32.Qd8+ Kf7 33.Qe7+ Kg8 34.Qd8+ Kf7 35.Qe7+  1/2-1/2

[Event "Weihnachtsopen Meister"]
[Site "Zurich SUI"]
[Date "2007.12.27"]
[Round "3"]
[White "Kamber,B"]
[Black "Likavsky,T"]
[Result "0-1"]
[WhiteElo "2329"]
[BlackElo "2496"]

1.e4 c5 2.Nc3 Nc6 3.Bb5 Nd4 4.Bd3 e6 5.Nf3 Ne7 6.Nxd4 cxd4 7.Ne2 Nc6 8.c3 Bc5
9.cxd4 Nxd4 10.b4 Bb6 11.Bb2 Qf6 12.Qb1 O-O 13.a4 a6 14.Ra3 h6 15.a5 Ba7
16.Bc4 d5 17.Ba2 dxe4 18.Re3 e5 19.Ng3 Be6 20.O-O Bxa2 21.Qxa2 Qe6 22.Qxe6 Nxe6
23.Rxe4 f6 24.Nf5 Rad8 25.Bc3 h5 26.Rc4 g6 27.Ng3 Rf7 28.Ne4 Kg7 29.Rb1 Rd5
30.Kf1 g5 31.Rc8 Rc7 32.Ra8 Bd4 33.Re8 Kf7 34.Rh8 Kg6 35.Re8 Nf4 36.g3 Nd3
37.Rf8 Rc6 38.Ke2 f5 39.Bxd4 Rxd4 40.Nc5 Nxb4 41.Nxb7 Rc2 42.Rd8 Rcxd2+ 43.Kf1 Rxd8
44.Nxd8 Nd3 45.Rb6+ Kh7 46.Nf7 g4 47.Rxa6 Rxf2+ 48.Kg1 Ra2 49.Ra7 Kg6 50.Nh8+ Kf6
51.a6 e4  0-1

[Event "Weihnachtsopen Meister"]
[Site "Zurich SUI"]
[Date "2007.12.27"]
[Round "3"]
[White "Lendwai,R"]
[Black "Muheim,L"]
[Result "0-1"]
[WhiteElo "2423"]
[BlackElo "2188"]

1.e4 c5 2.Ne2 Nc6 3.Nbc3 Nf6 4.g3 d5 5.exd5 Nxd5 6.Bg2 e6 7.O-O Be7 8.d4 cxd4
9.Nxd5 exd5 10.Nxd4 O-O 11.c3 Bf6 12.Be3 Ne5 13.b3 Bg4 14.f3 Be6 15.Qd2 Re8
16.Rfd1 Qa5 17.Rac1 Rac8 18.Kh1 a6 19.Nxe6 fxe6 20.Bd4 Rc7 21.b4 Qa3 22.Qf4 Rc4
23.Qe3 Nd7 24.Bxf6 Nxf6 25.Rc2 e5 26.f4 e4 27.Bf1 Rxb4 28.Qc5 Ra4 29.Qb6 Qe7
30.Be2 e3 31.Rb2 Ra3 32.Rd3 Ng4 33.Kg1 Nf2 34.Rxd5 Qe4  0-1